00878nam a2200193 a 450000100100000000500170001000800410002702000150006809000120008324501540009526000590024930000110030850001490031965000240046865000260049265000270051899900150054595201240056000001679620200120221959.0010109s1998 ck 0 er0 j spa d a9586146871 aACbELL10aEllas cuentan :buna antología de relatos de escritoras colombianas, de la Colonia a nuestros días /cselección y prólogo : Luz Mary Giraldo. aSantafé de Bogotá :bSeix Barral,bPlaneta,c1998. a309 p. aEj. 1 y 2 En Biblioparque De Funza : Colección Proveniente De La Antigua Biblioteca Municipal, Centro Cultural Bacatá, Funza (Cundinamarca).14aCuentos Colombianos24aLiteratura Colombiana24aEscritoras colombianas c1027d1027 00102ddc40708LAaBPMOSbBPMOSd2020-01-20l0oAC ELLpMOS005361r2020-01-20tej.1w2020-01-20yBKLITzQuince días